| 000 | 01150cam a2200301 a 4500 | ||
|---|---|---|---|
| 001 | 15325973 | ||
| 003 | OSt | ||
| 005 | 20211101105536.0 | ||
| 008 | 080611s2009 maua 001 0 eng | ||
| 010 | _a 2008026020 | ||
| 020 | _a9780073532356 (hard copy : alk. paper) | ||
| 020 | _a0073532355 (hard copy : alk. paper) | ||
| 040 |
_aDDC _cHU _dDLC |
||
| 050 | 0 | 0 |
_aQA184.2 _b.D44 2009 |
| 082 | 0 | 0 |
_a512.5/DEF _222 |
| 100 | 1 |
_aDeFranza, James, _d1950- _916455 |
|
| 245 | 1 | 0 |
_aIntroduction to linear algebra with applications / _cJames DeFranza, Daniel Gagliardi. |
| 260 |
_aBoston : _bMcGraw-Hill/Higher Education, _cc2009. |
||
| 300 |
_axviii, 488 p. : _bill. ; _c24 cm. |
||
| 500 | _aIncludes index. | ||
| 650 | 0 |
_aAlgebras, Linear _vTextbooks. _910843 |
|
| 650 | 0 |
_aAlgebras, Linear _vProblems, exercises, etc. _916456 |
|
| 700 | 1 |
_aGagliardi, Daniel. _916457 |
|
| 856 | 4 | 1 |
_3Table of contents only _uhttp://www.loc.gov/catdir/toc/ecip0820/2008026020.html |
| 906 |
_a7 _bcbc _corignew _d1 _eecip _f20 _gy-gencatlg |
||
| 942 |
_2ddc _cBOOKS _n0 |
||
| 999 |
_c16070 _d16070 |
||